Cecilio Acosta

Furkejuvvon:
Bibliográfalaš dieđut
Materiálatiipa: Girji
Giella:espánnjágiella
Almmustuhtton: Caracas Conmemorativas del Sesquicentenario de la Independencia 1961
Ráidu:Pensamiento Político Venezolano del Siglo XIX, 9
Fáttát:
Fáddágilkorat: Lasit fáddágilkoriid
Eai fáddágilkorat, Lasit vuosttaš fáddágilkora!

MARC

LEADER 00000nam a2200000 a 4500
001 UCO3803
003 CL-VaPUC
008 000720e19610000VE |||||||||||||||||spa|d
082 0 4 |a 320.0987  |b CEC  |2 21 
245 1 0 |a Cecilio Acosta 
300 |a 529 p 
942 |c BK 
945 |d 20000720 00:00:00  |a crobeson 
260 |a Caracas  |b Conmemorativas del Sesquicentenario de la Independencia  |c 1961 
600 0 7 |a ACOSTA, CECILIO  |2 CL-VaPUC  |9 447745 
650 7 |a FILOSOFIA POLITICA  |2 CL-VaPUC  |9 447746 
650 7 |a TEORIA POLITICA  |2 CL-VaPUC  |9 447747 
650 0 |a Historia social  |9 313638 
651 0 |a Venezuela  |9 254993 
583 |a last modification  |c 20160913 04:18:08  |k Rodrigo Vera 
490 0 |a Pensamiento Político Venezolano del Siglo XIX, 9 
999 |c 289934  |d 289932 
952 |0 0  |1 0  |4 0  |6 320_098700000000000_CEC_1961  |7 0  |8 A  |9 338917  |a BIBHIS  |b BIBHIS  |d 2019-11-20  |i 1201395  |o 320.0987 CEC 1961  |p 1201395  |r 2025-01-20  |w 2019-11-20  |y BK  |k HIS